Amadeo y María Victoria, reyes de España, 1870-1873 / (Record no. 136806)

MARC details
000 -LEADER
campo de control de longitud fija 01013nam a2200277 i 4500
001 - NÚMERO DE CONTROL
campo de control 136806
003 - IDENTIFICADOR DE NÚMERO DE CONTROL
campo de control ES-MaACL
005 - FECHA Y HORA DE LA ÚLTIMA TRANSACCIÓN
campo de control 20240328063536.0
007 - CAMPO FIJO DE DESCRIPCIÓN FÍSICA--INFORMACIÓN GENERAL
campo de control de longitud fija t|
008 - DATOS DE LONGITUD FIJA--INFORMACIÓN GENERAL
campo de control de longitud fija 070214s1959 sp r ||||1| spa d
017 ## - NÚMERO DE COPYRIGHT O DE DEPÓSITO LEGAL
Número de copyright o de depósito legal PM 90-1959
Agencia que asigna Oficina Depósito Legal Mallorca
040 ## - FUENTE DE CATALOGACIÓN
Centro/agencia transcriptor ES-MaACL
080 ## - NÚMERO DE LA CLASIFICACIÓN DECIMAL UNIVERSAL
Número de la Clasificación Decimal Universal 946"1870/73"
080 ## - NÚMERO DE LA CLASIFICACIÓN DECIMAL UNIVERSAL
Número de la Clasificación Decimal Universal 929 Amadeo I, rey de España
100 1# - ENTRADA PRINCIPAL--NOMBRE DE PERSONA
Nombre de persona Sagreda, Ana de
9 (RLIN) 101450
Término indicativo de función/relación Autor
245 10 - MENCIÓN DEL TÍTULO
Título Amadeo y María Victoria, reyes de España, 1870-1873 /
Mención de responsabilidad, etc. Ana de Sagreda.
260 ## - PUBLICACIÓN, DISTRIBUCIÓN, ETC.
Lugar de publicación, distribución, etc. Palma de Mallorca :
Nombre del editor, distribuidor, etc. [s.n.],
Fecha de publicación, distribución, etc. 1959
Fabricante (Imp. Mossén Alcover)
300 ## - DESCRIPCIÓN FÍSICA
Extensión 429 páginas, 20 láminas :
Otras características físicas ilustraciones ;
Dimensiones 23 cm.
600 04 - PUNTO DE ACCESO ADICIONAL DE MATERIA--NOMBRE DE PERSONA
9 (RLIN) 21073
Nombre de persona Amadeo
Numeración I,
Títulos y otros términos asociados al nombre Rey de España
600 04 - PUNTO DE ACCESO ADICIONAL DE MATERIA--NOMBRE DE PERSONA
9 (RLIN) 235654
Nombre de persona María Victoria,
Títulos y otros términos asociados al nombre Reina consorte de Amadeo I, Rey de España,
Fechas asociadas al nombre 1847-1876
651 #4 - PUNTO DE ACCESO ADICIONAL DE MATERIA--NOMBRE GEOGRÁFICO
9 (RLIN) 8261
Nombre geográfico España-
Subdivisión general Historia-
Subdivisión cronológica 1870-1873, Amadeo I
852 ## - LOCALIZACIÓN
Ubicación ES-MaACL
Sublocalización o colección R.44288
Ubicación en estantería Mesetón
Número de control de estantería C-16517
942 ## - ELEMENTOS DE ENTRADA SECUNDARIOS (KOHA)
Tipo de ítem Koha Libro impreso
Suprimir en OPAC No
Holdings
Estatus retirado Estado de pérdida Fuente del sistema de clasificación o colocación Estado de daño No para préstamo Biblioteca de origen Biblioteca actual Ubicación en estantería Fecha de adquisición Total de préstamos Signatura topográfica completa Código de barras Visto por última vez Tipo de ítem Koha
    Clasificación decimal universal     Biblioteca del Ateneo de Madrid Biblioteca del Ateneo de Madrid Galería 17/01/2008   C-16517 1142373 23/02/2023 Libro impreso